Business Statistics (Record no. 1335)

MARC details
000 -LEADER
fixed length control field 00405nam a22001697a 4500
005 - DATE AND TIME OF LATEST TRANSACTION
control field 20180522124752.0
008 - FIXED-LENGTH DATA ELEMENTS--GENERAL INFORMATION
fixed length control field 160521b xxu||||| |||| 00| 0 eng d
020 ## - INTERNATIONAL STANDARD BOOK NUMBER
ISBN 81-8412-026-5
041 ## - LANGUAGE CODE
Language code of text/sound track or separate title eng
082 ## - DEWEY DECIMAL CLASSIFICATION NUMBER
Item number 3882
Classification number 519.5
100 ## - MAIN ENTRY--AUTHOR NAME
Personal name Verma A.P.
245 ## - TITLE STATEMENT
Title Business Statistics
260 ## - PUBLICATION, DISTRIBUTION, ETC. (IMPRINT)
Place of publication New Delhi
Name of publisher Asian Books Pvt. Ltd.
300 ## - PHYSICAL DESCRIPTION
Number of Pages 15.45
650 ## - SUBJECT ADDED ENTRY--TOPICAL TERM
Topical Term Management
942 ## - ADDED ENTRY ELEMENTS (KOHA)
Koha item type Books
Holdings
Lost status Damaged status Collection code Home library Current library Shelving location Date acquired Cost, normal purchase price Full call number Accession Number Koha item type
    MANAGEMENT JRU Library JRU Library SHELF-75-C 21/05/2016 365.00 519.5 3882 Books
    MANAGEMENT JRU Library JRU Library SHELF-75-C 21/05/2016 365.00 519.5 3883 Books
    MANAGEMENT JRU Library JRU Library SHELF-75-C 21/05/2016 365.00 519.5 3884 Books
    MANAGEMENT JRU Library JRU Library SHELF-75-C 21/05/2016 365.00 519.5 3885 Books
    MANAGEMENT JRU Library JRU Library SHELF-75-C 21/05/2016 365.00 519.5 3886 Books
    MANAGEMENT JRU Library JRU Library SHELF-75-C 21/05/2016 365.00 519.5 3887 Books
    MANAGEMENT JRU Library JRU Library SHELF-75-C 21/05/2016 365.00 519.5 3888 Books
    Reference JRU Library JRU Library Shelf - 13- D 09/10/2023   3882 519.5   Books